Robin Hood (Record no. 15593)

MARC details
000 -LEADER
fixed length control field 01747nam a22003017a 4500
003 - CONTROL NUMBER IDENTIFIER
control field dpl
005 - DATE AND TIME OF LATEST TRANSACTION
control field 20080911114410.0
008 - FIXED-LENGTH DATA ELEMENTS--GENERAL INFORMATION
fixed length control field 080911t xxu||||| |||| 00| 0 eng d
010 ## - LIBRARY OF CONGRESS CONTROL NUMBER
LC control number DVD-000452-454 DVD-000816
024 ## - OTHER STANDARD IDENTIFIER
Source of number or code O0228
Terms of availability 499.00
035 ## - SYSTEM CONTROL NUMBER
System control number DVD-000452-454 DVD-000816
040 ## - CATALOGING SOURCE
Original cataloging agency DPL
Transcribing agency DPL
082 ## - DEWEY DECIMAL CLASSIFICATION NUMBER
Classification number DVD / ROBI
245 ## - TITLE STATEMENT
Title Robin Hood
Statement of responsibility, etc Walt Disney Pictures Presents
Medium [videorecording] (DVD)/
260 ## - PUBLICATION, DISTRIBUTION, ETC. (IMPRINT)
Place of publication, distribution, etc Burbank, CA
Name of publisher, distributor, etc Walt Disney Home Entertainment
300 ## - PHYSICAL DESCRIPTION
Extent 1 videodiscs (80 min.):
Other physical details sd., col.;
Dimensions 4 3/4 in.
Type of unit DVD
440 ## - SERIES STATEMENT/ADDED ENTRY--TITLE
Title Walt Disney Classics
500 ## - GENERAL NOTE
General note Sole Distributor in India M/s Excel Productions Audio Visuals Pvt. Ltd.
500 ## - GENERAL NOTE
General note Special Features- Robin Hood Triva Game<br/>Robin DVD Story Book
538 ## - SYSTEM DETAILS NOTE
System details note Dolby Digital 5.1-English, Cantonese, mandarin Subtitles-English, Thai, Mandarin
538 ## - SYSTEM DETAILS NOTE
System details note Aspect Ratio:1.33.1, Presentation Type: Full Screne, Presentation Size 4x3, Formaton: DVD 9- Dual Layer Single sided Disc,
650 ## - SUBJECT ADDED ENTRY--TOPICAL TERM
Source of heading or term Animated Movie
942 ## - ADDED ENTRY ELEMENTS (KOHA)
Source of classification or shelving scheme Dewey Decimal Classification
Koha item type CD-ROMs, DVDs, VHS
Classification part DVD
Call number suffix ROBI
Holdings
Withdrawn status Lost status Source of classification or shelving scheme Damaged status Not for loan Home library Current library Date acquired Source of acquisition Cost, normal purchase price Total Checkouts Full call number Barcode Date last seen Date checked out Copy number Cost, replacement price Price effective from Koha item type
    Dewey Decimal Classification     Central Library Central Library 23/09/2008 Purchase 499.00 16 DVD ROBI DVD-000455 13/05/2017 29/04/2017 1 499.00 23/09/2008 CD-ROMs, DVDs, VHS
    Dewey Decimal Classification     Patel Nagar Patel Nagar 01/10/2008 Purchase 599.00 10 DVD ROBI DVD-000816 24/10/2011 05/10/2011 1 599.00 01/10/2008 CD-ROMs, DVDs, VHS
    Dewey Decimal Classification     Sarojini Nagar Sarojini Nagar 23/09/2008 Purchase 499.00 31 DVD ROBI DVD-000456 22/06/2016 08/06/2016 1 499.00 23/09/2008 CD-ROMs, DVDs, VHS

© Delhi Public Library
Hit Counter
free hit counter